000
00255nam a22001217a 4500
041
_a
ENG
100
_a
Bhogalel.S
245
_a
Sheti Israilachi
260
_a
Pune
_b
Rahhans Prakashan
_c
1994
300
_a
232
650
_a
Marathi
856
_u
Marathi ( 33 )
999
_c
2248
_d
2248